The evolution of individuality /

Bibliographic Details
Main Author: Buss, Leo W.
Format: Book
Language:English
Published: Princeton, N.J. : Princeton University Press, [1987]
Subjects:

MARC

Tag First Indicator Second Indicator Subfields
LEADER 00000cam a22000008a 4500
001 in00000010687
005 20151007051426.0
008 870515s1987 nju b 00110 eng
010 |a  87045514  
020 |a 0691084688 (alk. paper) :  |c $40.00 
020 |a 0691084696 (pbk.) :  |c $11.95 
035 |a (OCoLC)15791350 
035 |9 AAA2914AM 
040 |a DLC  |c DLC  |d m/c  |d TXA  |d UtOrBLW 
049 |a TXAM  |c [A11028335] 
050 0 0 |a QH491  |b .B87 1987 
082 0 |a 574.3  |2 19 
100 1 |a Buss, Leo W. 
245 1 4 |a The evolution of individuality /  |c Leo W. Buss. 
263 |a 8711 
264 1 |a Princeton, N.J. :  |b Princeton University Press,  |c [1987] 
264 4 |c ©1987 
300 |a xv, 201 pages :  |b illustrations 
336 |a text  |b txt  |2 rdacontent 
337 |a unmediated  |b n  |2 rdamedia 
338 |a volume  |b nc  |2 rdacarrier 
504 |a Includes bibliographical references and index. 
650 0 |a Developmental biology. 
650 0 |a Evolution. 
999 |a MARS 
999 f f |s e5abeff0-6e3a-30c5-8c32-6cb5d81b4e87  |i a537fe55-8239-3a42-bf0b-bcc0bdc37dd2  |t 0 
952 f f |p normal  |a Texas A&M University  |b College Station  |c Sterling C. Evans Library  |d Evans: Library Stacks  |t 0  |e QH491 .B87 1987  |h Library of Congress classification  |i unmediated -- volume  |m A14811028335 
998 f f |a QH491 .B87 1987  |t 0  |l Evans: Library Stacks